000
00346nam a2200145 a 4500
003
MO
005
20170315093201.0
008
100922s19uu xx 00 eng d
050
_a
TR
_b
M12 2008
100
_a
Gaiman, Neil
245
_a
The graveyard book.
260
_a
New York :
_b
Harper Collins,
_c
2008.
942
_2
ddc
_c
BK
999
_c
110808
_d
110808